| 000 | 00386nam a2200169Ia 4500 | ||
|---|---|---|---|
| 008 | 210210b1926 xxu||||| |||| 00| 0 eng d | ||
| 041 | _aeng | ||
| 082 | _a825/1181 | ||
| 100 | _aMEREDITH (George) | ||
| 245 | _aJ B Priestly | ||
| 260 |
_aLondon _bMacmillan & Co. Ltd. _c1926 |
||
| 650 | _aPriestly | ||
| 650 | _aJ | ||
| 650 | _aB | ||
| 690 | _aEnglish Criticism | ||
| 906 | _a015495 | ||
| 999 |
_c134865 _d134865 |
||